[Event "C.to Italiano Semifinale"]
[Site "Torino ITA"]
[Date "2010.06.22"]
[Round "3"]
[White "Stella, Andrea"]
[Black "Bentivegna, Francesco"]
[Result "1/2-1/2"]
[WhiteElo "2308"]
[BlackElo "2343"]
[PlyCount "26"]
[EventDate "2010.06.20"]

1. d4 Nf6 2. c4 e5 3. dxe5 Ng4 4. Bf4 g5 5. Bg3 Bg7 6. Nf3 Nc6 7. Nc3 Ngxe5 8.
Nxe5 Nxe5 9. e4 d6 10. Be2 Be6 11. Qa4+ c6 12. Rd1 Qb6 13. Nd5 Bxd5 1/2-1/2

[Event "C.to Italiano Semifinale"]
[Site "Torino ITA"]
[Date "2010.06.22"]
[Round "3"]
[White "Valsecchi, Alessio"]
[Black "Genocchio, Daniele"]
[Result "1/2-1/2"]
[WhiteElo "2370"]
[BlackElo "2438"]
[PlyCount "63"]
[EventDate "2010.06.20"]

1. d4 Nf6 2. Nf3 e6 3. g3 c5 4. Bg2 cxd4 5. Nxd4 Nc6 6. O-O Bc5 7. Nb3 Be7 8.
e4 O-O 9. Nc3 d6 10. h3 Rb8 11. a4 b6 12. f4 Bb7 13. f5 Nd7 14. Bf4 Nde5 15.
Qe2 Bf6 16. Rad1 Qe7 17. Nb5 Rfd8 18. fxe6 fxe6 19. c3 Rbc8 20. N3d4 a6 21.
Nxc6 Bxc6 22. Nd4 Be8 23. h4 a5 24. Bh3 Bf7 25. Qb5 Rc5 26. Bxe5 Bxe5 27. Rxf7
Qxf7 28. Bxe6 Bxd4+ 29. cxd4 Qxe6 30. dxc5 bxc5 31. Qxa5 Re8 32. Qe1 1/2-1/2

[Event "C.to Italiano Semifinale"]
[Site "Torino ITA"]
[Date "2010.06.22"]
[Round "3"]
[White "Vezzosi, Paolo"]
[Black "Cocchi, Andrea"]
[Result "1/2-1/2"]
[WhiteElo "2367"]
[BlackElo "2244"]
[PlyCount "26"]
[EventDate "2010.06.20"]

1. c4 c5 2. Nf3 Nc6 3. d4 cxd4 4. Nxd4 e6 5. Nc3 Nf6 6. Ndb5 d6 7. Bf4 e5 8.
Bg5 a6 9. Bxf6 gxf6 10. Na3 Be6 11. g3 f5 12. Bg2 h5 13. e3 h4 1/2-1/2

[Event "C.to Italiano Semifinale"]
[Site "Torino ITA"]
[Date "2010.06.23"]
[Round "4"]
[White "Brunello, Marina"]
[Black "Finocchiaro, Gianluca"]
[Result "0-1"]
[WhiteElo "2218"]
[BlackElo "2087"]
[PlyCount "70"]
[EventDate "2010.06.20"]

1. e4 Nc6 2. d4 d5 3. e5 Bf5 4. Nf3 e6 5. Be3 Nge7 6. Be2 Bg4 7. h3 Bxf3 8.
Bxf3 Nf5 9. O-O Nxe3 10. fxe3 Qg5 11. Qe2 O-O-O 12. c4 Ne7 13. cxd5 Nf5 14. Re1
exd5 15. Nc3 c6 16. Rab1 f6 17. Qf2 Kb8 18. e4 Nh4 19. exd5 cxd5 20. Bxd5 Bb4
21. Bf7 Rxd4 22. e6 Rd2 23. Ne4 Qxg2+ 24. Qxg2 Rxg2+ 25. Kf1 Bxe1 26. Rxe1 Rxb2
27. e7 Nf5 28. e8=Q+ Rxe8 29. Bxe8 Rxa2 30. Bd7 Nd4 31. Nc3 Ra5 32. Re7 Nf5 33.
Rf7 a6 34. Be6 Re5 35. Bd5 Ne3+ 0-1

[Event "C.to Italiano Semifinale"]
[Site "Torino ITA"]
[Date "2010.06.23"]
[Round "4"]
[White "Brunello, Sabino"]
[Black "Rombaldoni, Denis"]
[Result "1/2-1/2"]
[WhiteElo "2467"]
[BlackElo "2484"]
[PlyCount "58"]
[EventDate "2010.06.20"]

1. d4 d5 2. c4 e6 3. Nf3 Nf6 4. g3 dxc4 5. Bg2 a6 6. O-O Nc6 7. Nc3 Rb8 8. e4
Be7 9. Qe2 Nxd4 10. Nxd4 Qxd4 11. Rd1 Qc5 12. e5 Nd7 13. Bf4 O-O 14. Rd2 Nb6
15. Rad1 c6 16. Ne4 Qb5 17. Nf6+ Kh8 18. Qe4 gxf6 19. exf6 Bxf6 20. Bxb8 e5 21.
Qf3 Kg7 22. Ba7 Be6 23. Qh5 Nd5 24. Be4 h6 25. Bf5 Bxf5 26. Qxf5 b6 27. Re1 Qb4
28. Rdd1 Qe7 29. Re4 Qe6 1/2-1/2

[Event "C.to Italiano Semifinale"]
[Site "Torino ITA"]
[Date "2010.06.23"]
[Round "4"]
[White "Contin, Daniel"]
[Black "Rombaldoni, Axel"]
[Result "0-1"]
[WhiteElo "2307"]
[BlackElo "2436"]
[PlyCount "82"]
[EventDate "2010.06.20"]

1. Nf3 d5 2. b3 Nf6 3. Bb2 g6 4. c4 c6 5. g3 Bg7 6. Bg2 O-O 7. O-O a5 8. Na3
Na6 9. Qc1 Nb4 10. d3 Bg4 11. Nc2 Bxf3 12. Bxf3 Nxc2 13. Qxc2 d4 14. a3 e5 15.
b4 Qe7 16. Rfb1 Rfe8 17. Bg2 h5 18. h3 h4 19. g4 Nh7 20. bxa5 Rxa5 21. Bc1 f5
22. Qb3 Ra7 23. Qb6 Rea8 24. Bd2 e4 25. Bb4 Qd7 26. gxf5 gxf5 27. Bc5 Ng5 28.
Qb3 b6 29. Bxb6 Rb7 30. a4 f4 31. c5+ Kh8 32. dxe4 f3 33. exf3 Nxh3+ 34. Kf1
Nf4 35. a5 Be5 36. a6 Rbb8 37. a7 Rg8 38. Bh1 Rg1+ 39. Kxg1 Qh3 40. Ra2 Ne2+
41. Rxe2 Bh2# 0-1

[Event "C.to Italiano Semifinale"]
[Site "Torino ITA"]
[Date "2010.06.23"]
[Round "4"]
[White "De Florio, Federico"]
[Black "Grinza, Andrea"]
[Result "1-0"]
[WhiteElo "2171"]
[BlackElo "2255"]
[PlyCount "111"]
[EventDate "2010.06.20"]

1. Nf3 d5 2. d4 c6 3. e3 Bg4 4. c4 e6 5. Qb3 Qb6 6. Ne5 Bh5 7. Nc3 f6 8. Nd3
Nd7 9. Bd2 Ne7 10. Nf4 Bf7 11. cxd5 Qxb3 12. axb3 exd5 13. Be2 Ng6 14. Nd3 Bd6
15. O-O O-O 16. b4 a6 17. Na4 Rab8 18. Rfc1 Rfe8 19. Nac5 Nb6 20. b3 f5 21. Bf1
Ne7 22. f4 Red8 23. Ne5 Na8 24. Bd3 Bxe5 25. fxe5 Nc7 26. Rf1 Ne6 27. Be1 g6
28. Bh4 Nxc5 29. bxc5 Re8 30. Ra4 Rbc8 31. Ra2 Be6 32. Raf2 Rc7 33. Bg5 Rf8 34.
g4 Kg7 35. Bxe7 Rxe7 36. gxf5 gxf5 37. Bxf5 Bxf5 38. Rxf5 Rxf5 39. Rxf5 b5 40.
b4 a5 41. bxa5 Ra7 42. Rf6 Ra6 43. Kf1 h5 44. h4 b4 45. Ke2 b3 46. Kd2 Rxa5 47.
Kc3 Ra3 48. Rxc6 b2+ 49. Kxb2 Rxe3 50. Rd6 Re4 51. Rxd5 Rxh4 52. c6 Rh2+ 53.
Kb3 Rh3+ 54. Kb4 Rh1 55. c7 Rb1+ 56. Ka3 1-0

[Event "C.to Italiano Semifinale"]
[Site "Torino ITA"]
[Date "2010.06.23"]
[Round "4"]
[White "Fabbri, Mario"]
[Black "Santeramo, Domenico"]
[Result "1-0"]
[WhiteElo "2190"]
[BlackElo "1884"]
[PlyCount "79"]
[EventDate "2010.06.20"]

1. d4 Nf6 2. c4 g6 3. Nc3 d5 4. cxd5 Nxd5 5. g3 Bg7 6. Bg2 Nxc3 7. bxc3 O-O 8.
e3 c5 9. Ne2 Nc6 10. O-O Bg4 11. h3 Bd7 12. Rb1 Na5 13. Ba3 cxd4 14. cxd4 b6
15. Qd3 Rc8 16. Rbc1 Re8 17. Qa6 Rc7 18. Rxc7 Qxc7 19. Rc1 Qb8 20. Bb4 Rc8 21.
Bxe7 Rxc1+ 22. Nxc1 Qc7 23. Ba3 Nc4 24. Nd3 Bf5 25. Nb4 Bc8 26. Nd5 Bxa6 27.
Nxc7 Nxa3 28. Nxa6 Bf8 29. Nb8 Nb5 30. Bd5 Nc3 31. Bb3 a5 32. a4 b5 33. axb5 a4
34. Bc4 a3 35. b6 Nb5 36. Nd7 Nd6 37. Ba2 Be7 38. Kh1 Ne4 39. b7 Bd6 40. b8=Q+
1-0

[Event "C.to Italiano Semifinale"]
[Site "Torino ITA"]
[Date "2010.06.23"]
[Round "4"]
[White "Fassio, Luca"]
[Black "Ferro, Mario"]
[Result "1/2-1/2"]
[WhiteElo "2050"]
[BlackElo "2259"]
[PlyCount "105"]
[EventDate "2010.06.20"]

1. e4 Nc6 2. Nf3 e5 3. Bc4 d6 4. O-O Bg4 5. c3 Qf6 6. Be2 O-O-O 7. d3 Be7 8. b4
d5 9. Qa4 dxe4 10. dxe4 Qg6 11. b5 Bh3 12. Ne1 Nb8 13. Qxa7 Nf6 14. Nd2 Nfd7
15. Nb3 b6 16. Be3 f5 17. exf5 Bxf5 18. c4 Bb4 19. Rc1 c5 20. bxc6 Nxc6 21.
Qa6+ Kc7 22. c5 bxc5 23. Nxc5 Bxc5 24. Bxc5 Ra8 25. Qc4 Nxc5 26. Qxc5 Qd6 27.
Qc4 Be6 28. Qh4 Rxa2 29. Bb5 Bd5 30. Nd3 g5 31. Qb4 e4 32. Qxd6+ Kxd6 33. Bxc6
exd3 34. Bxd5 Kxd5 35. Rfd1 Kd4 36. Rc7 Rd8 37. Rxh7 d2 38. Kf1 Kd3 39. Rb7 Kc2
40. Rbb1 Rb8 41. Rxb8 Kxd1 42. Rc8 Ra1 43. f4 Rc1 44. Rd8 Kc2+ 45. Ke2 Re1+ 46.
Kf3 gxf4 47. Kxf4 Rf1+ 48. Kg5 d1=Q 49. Rxd1 Kxd1 50. h4 Ke2 51. h5 Rg1 52. h6
Rxg2+ 53. Kf6 1/2-1/2

[Event "C.to Italiano Semifinale"]
[Site "Torino ITA"]
[Date "2010.06.23"]
[Round "4"]
[White "Genocchio, Daniele"]
[Black "Bove, Alessandro"]
[Result "0-1"]
[WhiteElo "2438"]
[BlackElo "2346"]
[PlyCount "78"]
[EventDate "2010.06.20"]

1. d4 Nf6 2. c4 g6 3. Nc3 Bg7 4. e4 d6 5. Nf3 O-O 6. Be2 c5 7. O-O cxd4 8. Nxd4
Nc6 9. Nc2 Nd7 10. Nd5 Nc5 11. f3 Ne6 12. Rb1 Ned4 13. Bg5 Nxc2 14. Qxc2 Be6
15. Qd2 Rc8 16. Rbc1 Re8 17. Be3 Qd7 18. Rfd1 b6 19. b3 Qb7 20. Rc2 Nb8 21.
Rdc1 Bd7 22. Qe1 Bc6 23. Qh4 Qd7 24. Kh1 Bb7 25. Bf1 Na6 26. Qe1 Nc7 27. Nc3
Ne6 28. Qd2 Bc6 29. Nd5 Qb7 30. Nb4 Nc5 31. Rb1 Rcd8 32. Qf2 a5 33. Nd5 e6 34.
Nc3 Qe7 35. Rd1 d5 36. cxd5 exd5 37. Nxd5 Bxd5 38. Bxc5 bxc5 39. exd5 Bd4 0-1

[Event "C.to Italiano Semifinale"]
[Site "Torino ITA"]
[Date "2010.06.23"]
[Round "4"]
[White "Manfredi, Vincenzo"]
[Black "Martorelli, Antonio"]
[Result "1-0"]
[WhiteElo "2172"]
[BlackElo "2259"]
[PlyCount "148"]
[EventDate "2010.06.20"]

1. d4 Nf6 2. c4 g6 3. Nc3 Bg7 4. e4 d6 5. Nge2 O-O 6. Ng3 c5 7. d5 e6 8. Be2
exd5 9. exd5 a6 10. a4 Nbd7 11. Bf4 Ne5 12. O-O Qe7 13. h3 Re8 14. Qd2 Qf8 15.
Rae1 h5 16. b3 Nh7 17. Bd1 b6 18. Kh1 Bd7 19. Nge4 f5 20. Ng5 Nxg5 21. Bxg5 Nf7
22. Be3 Bxc3 23. Qxc3 Qg7 24. Qc2 b5 25. a5 bxc4 26. bxc4 Rab8 27. Bc1 Qd4 28.
Rxe8+ Bxe8 29. f4 Rb4 30. Qe2 Qe4 31. Qf2 Qxc4 32. Be2 Qxd5 33. Bf3 Qd4 34. Qg3
Kg7 35. Bxh5 Qf6 36. Bd2 Rc4 37. Re1 Bc6 38. Bd1 d5 39. Bb3 Re4 40. Bxd5 Rxe1+
41. Qxe1 Qd6 42. Bxc6 Qxc6 43. Qe7 Kg8 44. Bc3 Qd6 45. Bf6 Qxe7 46. Bxe7 c4 47.
Bb4 Nd8 48. Kg1 Nc6 49. Bc3 Ne7 50. Kf2 Nd5 51. Bd2 Kf7 52. g4 Ke6 53. Kf3 c3
54. Bc1 Nb4 55. Ke2 Kd5 56. gxf5 gxf5 57. Ba3 Nc2 58. Bc1 Ke4 59. h4 Nd4+ 60.
Kd1 Kd3 61. h5 Ne2 62. Ba3 Nxf4 63. h6 Ng6 64. h7 f4 65. Bc1 f3 66. Ke1 Kc2 67.
Bg5 Kb1 68. Kf2 c2 69. Kxf3 c1=Q 70. Bxc1 Kxc1 71. Ke4 Kc2 72. Kf5 Nh8 73. Kf6
Kd3 74. Kg7 Ke4 1-0

[Event "C.to Italiano Semifinale"]
[Site "Torino ITA"]
[Date "2010.06.23"]
[Round "4"]
[White "Mogranzini, Roberto"]
[Black "Dvirnyy, Danyyil"]
[Result "1/2-1/2"]
[WhiteElo "2405"]
[BlackElo "2459"]
[PlyCount "51"]
[EventDate "2010.06.20"]

1. c4 Nf6 2. g3 e5 3. Bg2 Nc6 4. Nc3 Bc5 5. Nf3 d6 6. d3 h6 7. O-O O-O 8. a3 a5
9. e3 Bg4 10. h3 Bh5 11. b3 Re8 12. Bb2 Qd7 13. Kh2 Rad8 14. Qd2 Bb6 15. Ne1
Bg6 16. Nc2 e4 17. Nd5 Nxd5 18. cxd5 Nb8 19. Qc3 f6 20. dxe4 Bxe4 21. Bxe4 Rxe4
22. Qd3 Rde8 23. Bd4 Bxd4 24. Nxd4 Na6 25. Qc3 R4e5 26. Qc4 1/2-1/2

[Event "C.to Italiano Semifinale"]
[Site "Torino ITA"]
[Date "2010.06.23"]
[Round "4"]
[White "Pepino, Enrico"]
[Black "Vezzosi, Paolo"]
[Result "0-1"]
[WhiteElo "2190"]
[BlackElo "2367"]
[PlyCount "130"]
[EventDate "2010.06.20"]

1. e4 c6 2. d4 d5 3. Nc3 dxe4 4. Nxe4 Bf5 5. Ng3 Bg6 6. Bc4 e6 7. N1e2 Bd6 8.
h4 h6 9. Nf4 Bxf4 10. Bxf4 Nf6 11. Qd2 Nbd7 12. O-O-O Nb6 13. Bb3 a5 14. a3
Nbd5 15. f3 b5 16. h5 Bh7 17. Be5 O-O 18. Rde1 Nd7 19. Ne4 Nxe5 20. dxe5 b4 21.
a4 Bxe4 22. Rxe4 Nb6 23. Qe3 Nd5 24. Qd2 Qb6 25. Bxd5 cxd5 26. Rd4 Rac8 27. Kb1
Rc7 28. f4 Rfc8 29. Rc1 Rc4 30. Rxc4 Rxc4 31. f5 Qd4 32. Qxd4 Rxd4 33. fxe6
fxe6 34. c3 bxc3 35. Rxc3 Rxa4 36. Rc8+ Kh7 37. Rc6 Rh4 38. Rxe6 Rxh5 39. Ra6
Rxe5 40. Rxa5 Kg6 41. Kc1 Kf5 42. Kd2 Ke4 43. Ke2 h5 44. Ra7 Rg5 45. Kf2 h4 46.
b4 d4 47. b5 Rf5+ 48. Ke2 d3+ 49. Ke1 g5 50. b6 Rb5 51. Re7+ Kf4 52. b7 Kg3 53.
Rg7 g4 54. Kd2 Rb3 55. Ke3 h3 56. gxh3 Kxh3 57. Rh7+ Kg2 58. Rg7 g3 59. Rf7 Kg1
60. Kd2 g2 61. Rg7 Kf2 62. Rf7+ Kg3 63. Rg7+ Kf3 64. Rf7+ Ke4 65. Re7+ Kf5 0-1

[Event "C.to Italiano Semifinale"]
[Site "Torino ITA"]
[Date "2010.06.23"]
[Round "4"]
[White "Piscopo, Pierluigi"]
[Black "Valsecchi, Alessio"]
[Result "0-1"]
[WhiteElo "2426"]
[BlackElo "2370"]
[PlyCount "66"]
[EventDate "2010.06.20"]

1. e4 c5 2. Nf3 e6 3. d3 a6 4. g3 b5 5. Bg2 Bb7 6. O-O d6 7. Re1 Nf6 8. c3 Be7
9. Nbd2 Nbd7 10. d4 e5 11. b4 Qc7 12. bxc5 dxc5 13. dxe5 Nxe5 14. Nxe5 Qxe5 15.
Rb1 Rd8 16. c4 O-O 17. Bb2 Qc7 18. e5 Nd7 19. Bxb7 Qxb7 20. Qg4 Nb6 21. Ne4
Nxc4 22. Bc3 Qc6 23. Nf6+ Bxf6 24. exf6 g6 25. Qf4 Kh8 26. Re7 Nd6 27. g4 b4
28. Be5 Qe4 29. Bxd6 Qxb1+ 30. Kg2 Qxa2 31. Be5 Qd2 32. Qg3 Qd5+ 33. f3 Qd2+
0-1

[Event "C.to Italiano Semifinale"]
[Site "Torino ITA"]
[Date "2010.06.23"]
[Round "4"]
[White "Racioppo, Paolo"]
[Black "Damia, Angelo"]
[Result "1/2-1/2"]
[WhiteElo "2172"]
[BlackElo "2281"]
[PlyCount "107"]
[EventDate "2010.06.20"]

1. f4 d6 2. Nf3 g6 3. d3 Bg7 4. e4 c5 5. Be2 Nc6 6. c3 Nf6 7. O-O c4 8. Kh1
cxd3 9. Bxd3 d5 10. e5 Nd7 11. Be3 Nf8 12. Na3 Bf5 13. Bxf5 gxf5 14. Qb3 Qd7
15. Rad1 O-O-O 16. c4 e6 17. cxd5 exd5 18. Nb5 Kb8 19. Nd6 f6 20. Qxd5 fxe5 21.
Nxe5 Bxe5 22. fxe5 Ne6 23. Rxf5 Ne7 24. Qa5 b6 25. Bxb6 Nxf5 26. Bxd8 Nxd8 27.
e6 Nxe6 28. Qxf5 Rf8 29. Qe5 Nc7 30. h3 Qc6 31. Qe4 Qxe4 32. Nxe4 Re8 33. Nc5
Kc8 34. Rd2 Re5 35. b4 Nd5 36. Nd3 Re4 37. Rc2+ Kd8 38. Nc5 Re1+ 39. Kh2 Nxb4
40. Rd2+ Ke8 41. Nd3 Nxd3 42. Rxd3 Re7 43. a3 Kf7 44. g4 a5 45. Kg3 Re4 46. Kh4
Kg6 47. Kg3 a4 48. h4 h5 49. g5 Rg4+ 50. Kh3 Rc4 51. Rf3 Kg7 52. Rd3 Re4 53.
Rd7+ Kg8 54. Rd3 1/2-1/2

[Event "C.to Italiano Semifinale"]
[Site "Torino ITA"]
[Date "2010.06.23"]
[Round "4"]
[White "Ricci, Marco"]
[Black "Nikolajevic, Tihomir"]
[Result "1-0"]
[WhiteElo "2094"]
[BlackElo "1914"]
[PlyCount "53"]
[EventDate "2010.06.20"]

1. e4 c5 2. Nf3 e6 3. d4 cxd4 4. Nxd4 Nf6 5. Nc3 d6 6. Bg5 Be7 7. Qd2 a6 8.
O-O-O O-O 9. f3 b5 10. g4 Bb7 11. Bd3 Nbd7 12. h4 Ne5 13. Be3 Nfd7 14. g5 Nxd3+
15. cxd3 Rc8 16. Kb1 g6 17. h5 e5 18. Qh2 Bxg5 19. hxg6 h6 20. Bxg5 Qxg5 21.
Rdg1 Qf4 22. gxf7+ Kxf7 23. Qh5+ Ke7 24. Rg7+ Rf7 25. Nf5+ Kd8 26. Qxf7 Bc6 27.
Nd5 1-0

[Event "C.to Italiano Semifinale"]
[Site "Torino ITA"]
[Date "2010.06.23"]
[Round "4"]
[White "Saccona, Silvano"]
[Black "De Nisi, Roberta"]
[Result "1-0"]
[WhiteElo "2230"]
[BlackElo "1916"]
[PlyCount "177"]
[EventDate "2010.06.20"]

1. d4 f5 2. Bg5 c6 3. c3 g6 4. e3 Bg7 5. Nf3 Nf6 6. Nbd2 d6 7. Qb3 Qb6 8. Bc4
Qxb3 9. axb3 b5 10. Be2 Nbd7 11. O-O O-O 12. Ne1 e5 13. Nc2 Bb7 14. b4 a6 15.
Nb3 Ne4 16. Na5 Ra7 17. f4 Ba8 18. Rfd1 Nb6 19. dxe5 dxe5 20. Bf3 Nd5 21. Bh4
exf4 22. exf4 Nxf4 23. Nb3 Rc8 24. Bxe4 fxe4 25. Nc5 Nd3 26. Nxd3 exd3 27. Rxd3
c5 28. Re1 cxb4 29. Nxb4 a5 30. Nd5 Bxd5 31. Rxd5 b4 32. Bf2 Ra6 33. cxb4 axb4
34. Bd4 Rac6 35. Bxg7 Kxg7 36. Rd4 Rc4 37. Rd7+ Kh6 38. Rd2 Rc2 39. Ree2 Rxd2
40. Rxd2 b3 41. Kf1 Kg5 42. Rd3 Rc1+ 43. Ke2 Rc2+ 44. Rd2 Rc7 45. Kd1 Kf4 46.
Rd4+ Ke3 47. Rb4 Rd7+ 48. Ke1 Rd3 49. Rb7 h5 50. Re7+ Kf4 51. Ke2 Rd6 52. Rb7
Rc6 53. Rb4+ Ke5 54. Rxb3 Rc2+ 55. Kf3 g5 56. Rb5+ Kf6 57. h3 Rd2 58. Rb6+ Ke5
59. Rb3 g4+ 60. hxg4 hxg4+ 61. Kg3 Kf5 62. Rb5+ Kf6 63. Rb4 Kf5 64. Rf4+ Ke5
65. Rb4 Kf5 66. Rb5+ Kf6 67. Rb8 Kf5 68. Rf8+ Ke5 69. Rf2 Rd4 70. Kh4 Rb4 71.
Kg5 Ke6 72. g3 Ke7 73. Rf4 Rxb2 74. Kxg4 Rb1 75. Kg5 Rg1 76. g4 Ra1 77. Kg6
Ra6+ 78. Kg7 Ra1 79. Re4+ Kd6 80. g5 Rg1 81. g6 Kd7 82. Kf7 Rf1+ 83. Kg8 Rg1
84. g7 Rg2 85. Kf7 Rf2+ 86. Kg6 Rg2+ 87. Kf6 Rf2+ 88. Kg5 Ra2 89. g8=Q 1-0

[Event "C.to Italiano Semifinale"]
[Site "Torino ITA"]
[Date "2010.06.23"]
[Round "4"]
[White "Sbarra, Marco"]
[Black "La Manna, Andrea"]
[Result "1-0"]
[WhiteElo "2309"]
[BlackElo "2229"]
[PlyCount "179"]
[EventDate "2010.06.20"]

1. d4 f5 2. g3 Nf6 3. Bg2 g6 4. Nf3 Bg7 5. O-O O-O 6. c4 d6 7. Nc3 Qe8 8. d5 a5
9. Bd2 Na6 10. Qc1 Bd7 11. Bh6 c6 12. Bxg7 Kxg7 13. Rd1 Nc7 14. dxc6 bxc6 15.
c5 d5 16. Ne5 Ng4 17. Nxd7 Qxd7 18. Na4 Qe8 19. Nb6 Ra7 20. f3 Nf6 21. e4 fxe4
22. fxe4 dxe4 23. Re1 Qf7 24. Qc3 e5 25. Qxe5 Nb5 26. Qf4 Re7 27. b3 Nc3 28.
Nc4 Ncd5 29. Qd2 Qe6 30. Qd4 Kg8 31. Re2 a4 32. bxa4 Rb8 33. Nb6 Nxb6 34. cxb6
c5 35. Qxc5 Rxb6 36. Rae1 Rc6 37. Qb4 Rc4 38. Qb3 Kg7 39. a5 Qc6 40. Qb2 Kg8
41. Qb8+ Kg7 42. Qb6 Qxb6+ 43. axb6 Rb4 44. Kf1 Rxb6 45. Bxe4 Nxe4 46. Rxe4
Rf7+ 47. Kg2 Ra6 48. a4 Rf5 49. Rb1 Rf7 50. Reb4 Ra5 51. R1b2 Rff5 52. Rb7+ Kh6
53. R2b4 Rfd5 54. Rh4+ Kg5 55. Rbxh7 Rd2+ 56. Kh3 Ra2 57. Rg4+ Kf5 58. Rf4+ Kg5
59. Rg4+ Kf6 60. Rh6 Rg5 61. Rhh4 Rd5 62. Rf4+ Kg5 63. Rd4 Rf5 64. Rhf4 Re5 65.
Rg4+ Kh5 66. Rd8 Rxh2+ 67. Kxh2 Kxg4 68. Rd4+ Kf3 69. Rf4+ Ke3 70. Kh3 g5 71.
Rf8 Re4 72. a5 Re5 73. a6 Ra5 74. Rf6 Ra4 75. Rf7 Rxa6 76. Kg4 Ra8 77. Rf5 Ke4
78. Rxg5 Rh8 79. Rg7 Ke3 80. Kf5 Rf8+ 81. Kg5 Kf3 82. g4 Kg3 83. Rg6 Ra8 84.
Kh6 Kh4 85. Kh7 Ra7+ 86. Kh6 Ra8 87. g5 Ra7 88. Rb6 Kg4 89. g6 Ra5 90. g7 1-0

[Event "C.to Italiano Semifinale"]
[Site "Torino ITA"]
[Date "2010.06.23"]
[Round "4"]
[White "Sibilio, Mario"]
[Black "Stella, Andrea"]
[Result "1/2-1/2"]
[WhiteElo "2362"]
[BlackElo "2308"]
[PlyCount "81"]
[EventDate "2010.06.20"]

1. d4 Nf6 2. c4 e6 3. Nc3 Bb4 4. Bg5 c5 5. d5 d6 6. e3 exd5 7. cxd5 Nbd7 8. Bb5
h6 9. Bh4 g5 10. Bg3 Bxc3+ 11. bxc3 Qa5 12. Qb3 a6 13. Be2 Nxd5 14. Rc1 N7b6
15. e4 Nf4 16. Bxf4 Be6 17. Qd1 gxf4 18. Qxd6 c4 19. Nf3 Na4 20. Qd4 Ke7 21.
O-O Rad8 22. Qg7 Rdg8 23. Qe5 Qxe5 24. Nxe5 Rc8 25. g3 b5 26. Rfe1 fxg3 27.
hxg3 Rhg8 28. Kg2 f6 29. Nf3 Rcd8 30. Rh1 Rh8 31. Nh4 Kf7 32. Bh5+ Kg7 33. Ng6
Rhg8 34. Nf4 Bc8 35. Rc2 Nc5 36. Bf3 Rge8 37. Nh5+ Kf7 38. Nf4 Kg7 39. Nh5+ Kf7
40. Nf4 Kg7 41. Nh5+ 1/2-1/2

[Event "C.to Italiano Semifinale"]
[Site "Torino ITA"]
[Date "2010.06.23"]
[Round "4"]
[White "Spinelli, Doriano"]
[Black "Di Trapani, Davide"]
[Result "1/2-1/2"]
[WhiteElo "2112"]
[BlackElo "1926"]
[PlyCount "52"]
[EventDate "2010.06.20"]

1. e4 e5 2. Nc3 Nc6 3. Bc4 Bc5 4. Nf3 d6 5. Na4 Nf6 6. d3 O-O 7. b4 Bb6 8. h3
Bd7 9. Bg5 Qe7 10. Nh4 Kh8 11. Nxb6 axb6 12. Qf3 Ra3 13. Rc1 h6 14. Be3 Nh7 15.
Nf5 Qf6 16. g4 g6 17. h4 gxf5 18. g5 fxe4 19. Qxf6+ Nxf6 20. gxf6 Nd8 21. Bxh6
Rg8 22. Bg7+ Kh7 23. Rg1 Be6 24. Rg5 Bxc4 25. Rh5+ Kg6 26. Rg5+ Kh7 1/2-1/2

[Event "C.to Italiano Semifinale"]
[Site "Torino ITA"]
[Date "2010.06.23"]
[Round "4"]
[White "Velluti, Alberto"]
[Black "Rota, Simone"]
[Result "0-1"]
[WhiteElo "1932"]
[BlackElo "2019"]
[PlyCount "82"]
[EventDate "2010.06.20"]

1. e4 c5 2. Nf3 d6 3. d4 cxd4 4. Nxd4 Nf6 5. Nc3 e6 6. Be3 Be7 7. f3 a6 8. Qd2
b5 9. a3 Bb7 10. Be2 Nbd7 11. Bf2 d5 12. exd5 Nxd5 13. Nxd5 Bxd5 14. O-O O-O
15. Nf5 Bf6 16. c3 Nb6 17. Ne3 Bb3 18. Qxd8 Raxd8 19. Ng4 Na4 20. Nxf6+ gxf6
21. Rfe1 Rd2 22. Rab1 Ba2 23. Rbc1 Rc8 24. Bf1 Bd5 25. Red1 Rxd1 26. Rxd1 Nxb2
27. Rd2 Na4 28. Bd4 Kg7 29. h4 Bc4 30. f4 h5 31. g3 Kg6 32. Bg2 Nc5 33. Rd1 Rd8
34. Bf3 Rc8 35. f5+ Kxf5 36. Bxh5 e5 37. Bxc5 Rxc5 38. Rd6 Be6 39. Rxa6 Rxc3
40. g4+ Kf4 41. Bxf7 Kg3 0-1

[Event "C.to Italiano Semifinale"]
[Site "Torino ITA"]
[Date "2010.06.24"]
[Round "5"]
[White "Bove, Alessandro"]
[Black "Brunello, Sabino"]
[Result "1-0"]
[WhiteElo "2346"]
[BlackElo "2467"]
[PlyCount "105"]
[EventDate "2010.06.20"]

1. d4 Nf6 2. c4 e6 3. Nc3 Bb4 4. Qc2 O-O 5. a3 Bxc3+ 6. Qxc3 Ne4 7. Qc2 f5 8.
Nh3 d6 9. f3 Nf6 10. e3 e5 11. dxe5 dxe5 12. Be2 a5 13. O-O Nc6 14. Bd3 e4 15.
Be2 exf3 16. gxf3 Ne5 17. Nf4 g5 18. Ng2 Qe7 19. b3 Bd7 20. Bb2 Rae8 21. Qc3 a4
22. b4 h5 23. f4 Ng6 24. Bf3 g4 25. Bxb7 Rb8 26. Bd5+ Kh7 27. e4 Nxe4 28. Bxe4
fxe4 29. Rae1 Bf5 30. Ne3 Nh4 31. Nd5 Qf7 32. Qg3 Nf3+ 33. Rxf3 gxf3 34. Nf6+
Qxf6 35. Bxf6 Rxf6 36. Qh4 Rg6+ 37. Kf2 Kh6 38. Ke3 Rf8 39. Rd1 Rg2 40. Rd2
Rxd2 41. Kxd2 Kg7 42. Ke3 Kf7 43. Qxh5+ Ke6 44. Qh6+ Kf7 45. Qg5 Ke8 46. Qg7
Rf7 47. Qe5+ Kd7 48. c5 Kc6 49. Qd4 Bh7 50. b5+ Kxb5 51. Qb4+ Kc6 52. Qxa4+
Kxc5 53. Qb4+ 1-0

[Event "C.to Italiano Semifinale"]
[Site "Torino ITA"]
[Date "2010.06.24"]
[Round "5"]
[White "Brunello, Marina"]
[Black "Velluti, Alberto"]
[Result "1-0"]
[WhiteElo "2218"]
[BlackElo "1932"]
[PlyCount "99"]
[EventDate "2010.06.20"]

1. e4 e5 2. Nf3 Nc6 3. d4 exd4 4. Nxd4 Bc5 5. Be3 Bb6 6. c3 d6 7. Be2 Nf6 8.
Nd2 Qe7 9. O-O Nxd4 10. Bxd4 O-O 11. Bf3 Be6 12. g3 Bh3 13. Re1 Nd7 14. Bxb6
axb6 15. Nf1 Qe6 16. a3 Ne5 17. Bh1 Ng4 18. f3 Bxf1 19. Kxf1 Ne5 20. Kg1 Qh6
21. f4 Nc4 22. Qe2 Na5 23. Rad1 Nc6 24. Bg2 Ra5 25. Qc4 Rc5 26. Qd3 Rh5 27. h3
f6 28. b4 Re8 29. Rf1 Kh8 30. g4 Rh4 31. Qc4 Rxh3 32. b5 Ne5 33. fxe5 Qe3+ 34.
Rf2 fxe5 35. Bxh3 Qxh3 36. Qd3 Qxg4+ 37. Rg2 Qd7 38. c4 g6 39. Rf1 Qg7 40. Rgf2
Qh6 41. Qg3 Rg8 42. Rh2 Qg7 43. Qg5 h5 44. Rhf2 Qd7 45. Qh6+ Qh7 46. Qxh7+ Kxh7
47. Rf8 Rg7 48. R1f7 g5 49. Rxg7+ Kxg7 50. Rc8 1-0

[Event "C.to Italiano Semifinale"]
[Site "Torino ITA"]
[Date "2010.06.24"]
[Round "5"]
[White "Cocchi, Andrea"]
[Black "Bentivegna, Francesco"]
[Result "1-0"]
[WhiteElo "2244"]
[BlackElo "2343"]
[PlyCount "59"]
[EventDate "2010.06.20"]

1. Nf3 f5 2. b4 Nf6 3. Bb2 g6 4. e3 Bg7 5. c4 d6 6. d4 O-O 7. Be2 c6 8. Nc3 Na6
9. Qb3 Nc7 10. O-O Kh8 11. d5 Qe8 12. Rfd1 Bd7 13. a4 h6 14. dxc6 bxc6 15. b5
Ne6 16. Nd4 Nc5 17. Qc2 cxb5 18. axb5 g5 19. Bf3 Nfe4 20. Nxe4 fxe4 21. Bxe4
Nxe4 22. Qxe4 Qf7 23. Rd2 Qxc4 24. Qxe7 Rf7 25. Qxd6 Bf8 26. Ne6+ Kh7 27. Nxf8+
Raxf8 28. Ra6 Rf6 29. Bxf6 Rxf6 30. Qxd7+ 1-0

[Event "C.to Italiano Semifinale"]
[Site "Torino ITA"]
[Date "2010.06.24"]
[Round "5"]
[White "Damia, Angelo"]
[Black "Fabbri, Mario"]
[Result "1-0"]
[WhiteElo "2281"]
[BlackElo "2190"]
[PlyCount "109"]
[EventDate "2010.06.20"]

1. e4 e5 2. Bc4 Nf6 3. Nc3 Nc6 4. d3 Bc5 5. Bg5 h6 6. Be3 Bb4 7. Nge2 d5 8.
exd5 Nxd5 9. O-O Be6 10. Nxd5 Bxd5 11. Bxd5 Qxd5 12. a3 Be7 13. f4 O-O-O 14.
Nc3 Qd7 15. f5 Nd4 16. Bxd4 Qxd4+ 17. Kh1 c6 18. Qh5 Rdf8 19. Rae1 Bd6 20. Re4
Qb6 21. Na4 Qd8 22. Qf3 f6 23. Rg4 Rf7 24. b4 Rc7 25. Rb1 Qd7 26. Nc3 Rd8 27.
Rc4 Bf8 28. b5 e4 29. Qxe4 Re8 30. Qf3 cxb5 31. Rxc7+ Kxc7 32. Qg3+ Bd6 33.
Nxb5+ Qxb5 34. Rxb5 Bxg3 35. hxg3 a6 36. Rc5+ Kd6 37. Rc4 Re1+ 38. Kh2 b5 39.
Rg4 Ra1 40. Rxg7 Rxa3 41. Rf7 Ke5 42. g4 Ra2 43. Kg3 Rxc2 44. d4+ Kxd4 45. Rxf6
a5 46. Rxh6 Rc3+ 47. Kf4 a4 48. f6 a3 49. f7 Rc8 50. g5 b4 51. Ra6 Rb8 52. Rb6
Rxb6 53. f8=Q b3 54. Qxa3 b2 55. Qe3+ 1-0